|
|
|
|
| LEADER |
01864cas a2200277 a 4500 |
| 001 |
AALejournalIMF012736 |
| 008 |
230101c9999 xx r poo 0 0eng d |
| 020 |
|
|
|c 50.00 USD
|
| 020 |
|
|
|z 9781589061842
|
| 022 |
|
|
|a 1020-1637
|
| 040 |
|
|
|a BD-DhAAL
|c BD-DhAAL
|
| 110 |
2 |
|
|a International Monetary Fund.
|b Statistics Dept.
|
| 245 |
1 |
0 |
|a Balance of Payments Statistics Yearbook, 2002.
|
| 264 |
|
1 |
|a Washington, D.C. :
|b International Monetary Fund,
|c 2002.
|
| 300 |
|
|
|a 1 online resource (1466 pages)
|
| 490 |
1 |
|
|a Balance of Payments Statistics
|
| 500 |
|
|
|a <strong>Off-Campus Access:</strong> No User ID or Password Required
|
| 500 |
|
|
|a <strong>On-Campus Access:</strong> No User ID or Password Required
|
| 506 |
|
|
|a Electronic access restricted to authorized BRAC University faculty, staff and students
|
| 520 |
3 |
|
|a The BOPS Yearbook, usually published in December, contains balance of payments statistics for most of the world, compiled in accordance with the IMF's Balance of Payments Manual. Part 1 includes aggregate as well as detailed information in the form of analytical and standard component presentations for countries. Part 2 provides tables of data, featuring area and world totals of balance of payments components and aggregates. Part 3 presents descriptions of methodologies, compilation practices, and data sources used by individual member countries in compiling their balance of payments and international investment position statistics.
|
| 538 |
|
|
|a Mode of access: Internet
|
| 650 |
|
7 |
|a General Financial Markets
|2 imf
|
| 650 |
|
7 |
|a Investment Decisions
|2 imf
|
| 650 |
|
7 |
|a Portfolio Choice
|2 imf
|
| 830 |
|
0 |
|a Balance of Payments Statistics; Balance of Payments Statistics ;
|v No. 2002/001
|
| 856 |
4 |
0 |
|z Full text available on IMF
|u http://elibrary.imf.org/view/books/044/00575-9781589061842-en/00575-9781589061842-en-book.xml
|z IMF e-Library
|